An Investigation into Distinguishing Features Between Material and Mental Process in English and Vietnamese /

The system of transitivity classifies the world of experiential meaning into different types of process, each of which has its own characteristics and can be differentiated from others by many features. This ….

Guardat en:
Dades bibliogràfiques
Autor principal: Nguyễn Thị Xuân Thùy
Altres autors: Phan Van Hoa Ph.D huong dan
Format: Desconegut
Idioma:English
Publicat: 2007.
Matèries:
Etiquetes: Afegir etiqueta
Sense etiquetes, Sigues el primer a etiquetar aquest registre!
Thư viện lưu trữ: Mạng thư viện Đại học Đà Nẵng
LEADER 02879na a2200349 4500
001 000030882
003 4823
005 20230602112935.0
008 151001s2007 000 eng
040 |a LNN 
041 |a ENG 
082 |a 420.4  |b NG-T 
100 |a Nguyễn Thị Xuân Thùy 
245 3 |a An Investigation into Distinguishing Features Between Material and Mental Process in English and Vietnamese /  |c Nguyễn Thị Xuân Thùy. 
260 |c 2007. 
300 |a 96tr. : mh ; 30cm. 
520 |a The system of transitivity classifies the world of experiential meaning into different types of process, each of which has its own characteristics and can be differentiated from others by many features. This …. 
650 |a An Investigation into Distinguishing Features Between Material and Mental Process in English and Vietnamese, 2007, Nguyễn Thị Xuân Thùy 
700 |a Phan Van Hoa  |b Ph.D  |c huong dan 
OWN |a LNN 
AVA |a UDN50  |b LNN  |c English  |d 420.4 NG-T  |e available  |t Error 5001 Not defined in file expand_doc_bib_avail.  |f 1  |g 0  |h N  |i 0  |j AN  |k 1 
Z40 3 |y An Investigation into Distinguishing Features Between Material and Mental Process in English and Vie  |l Library of UFL  |t VIEW  |x http://catalog.udn.vn:80/F?func=service&doc_library=UDN01&local_base=UDN01&doc_number=000030882&sequence=000001&line_number=0001&func_code=DB_RECORDS&service_type=MEDIA  |f LuanvancuaNTXThuy_000025463.pdf  |e pdf  |s 000695443  |k 20230602  |m NTMTHI 
Z40 3 |y An Investigation into Distinguishing Features Between Material and Mental Process in English and Vie  |l Library of UFL  |t VIEW  |x http://catalog.udn.vn:80/F?func=service&doc_library=UDN01&local_base=UDN01&doc_number=000030882&sequence=000002&line_number=0002&func_code=DB_RECORDS&service_type=MEDIA  |f NIDUNG_1_000025465.pdf  |e pdf  |s 000295644  |k 20230602  |m NTMTHI 
999 |a From the UDN01 
AVA |a UDN50  |b LNN  |c English  |d 420.4 NG-T  |e available  |t Error 5001 Not defined in file expand_doc_bib_avail.  |f 1  |g 0  |h N  |i 0  |j AN  |k 1 
TYP |a Printed language 
856 |y An Investigation into Distinguishing Features Between Material and Mental Process in English and Vie  |l Library of UFL  |t VIEW  |x http://catalog.udn.vn:80/F?func=service&doc_library=UDN01&local_base=UDN01&doc_number=000030882&sequence=000001&line_number=0001&func_code=DB_RECORDS&service_type=MEDIA  |f LuanvancuaNTXThuy_000025463.pdf  |e pdf  |s 000695443  |k 20230602  |m NTMTHI 
856 |y An Investigation into Distinguishing Features Between Material and Mental Process in English and Vie  |l Library of UFL  |t VIEW  |x http://catalog.udn.vn:80/F?func=service&doc_library=UDN01&local_base=UDN01&doc_number=000030882&sequence=000002&line_number=0002&func_code=DB_RECORDS&service_type=MEDIA  |f NIDUNG_1_000025465.pdf  |e pdf  |s 000295644  |k 20230602  |m NTMTHI 
980 |a Mạng thư viện Đại học Đà Nẵng